Fundamental questions in astrophysics (Record no. 16372)
[ view plain ]
| 000 -LEADER | |
|---|---|
| fixed length control field | 00817nam a2200241Ia 4500 |
| 003 - CONTROL NUMBER IDENTIFIER | |
| control field | IN-BaIIA |
| 008 - FIXED-LENGTH DATA ELEMENTS--GENERAL INFORMATION | |
| fixed length control field | 211028s9999 xx 000 0 eng d |
| 020 ## - INTERNATIONAL STANDARD BOOK NUMBER | |
| International Standard Book Number | 978-1-4020-4838-8 |
| 040 ## - CATALOGING SOURCE | |
| Transcribing agency | IIA Library |
| 080 ## - UNIVERSAL DECIMAL CLASSIFICATION NUMBER | |
| Universal Decimal Classification number | 52 |
| Item number | FUN |
| 245 #0 - TITLE STATEMENT | |
| Title | Fundamental questions in astrophysics |
| Remainder of title | guidelines for future UV observatories |
| Statement of responsibility, etc. | edited by Ana I. Gomez de castro and Willem Wamsteker |
| 260 ## - PUBLICATION, DISTRIBUTION, ETC. | |
| Place of publication, distribution, etc. | Berlin |
| Name of publisher, distributor, etc. | Springer |
| Date of publication, distribution, etc. | 2006 |
| 300 ## - PHYSICAL DESCRIPTION | |
| Extent | 170p. |
| 490 ## - SERIES STATEMENT | |
| Series statement | Astrophysics and space science; v. 303 |
| 650 ## - SUBJECT ADDED ENTRY--TOPICAL TERM | |
| Topical term or geographic name entry element | Astrophysics |
| 9 (RLIN) | 794 |
| 650 ## - SUBJECT ADDED ENTRY--TOPICAL TERM | |
| Topical term or geographic name entry element | Fundamental |
| 9 (RLIN) | 30332 |
| 650 ## - SUBJECT ADDED ENTRY--TOPICAL TERM | |
| Topical term or geographic name entry element | Science |
| 9 (RLIN) | 1299 |
| 650 ## - SUBJECT ADDED ENTRY--TOPICAL TERM | |
| Topical term or geographic name entry element | Ultraviolet astronomy |
| 9 (RLIN) | 6323 |
| 650 ## - SUBJECT ADDED ENTRY--TOPICAL TERM | |
| Topical term or geographic name entry element | UV Observatories |
| 9 (RLIN) | 30333 |
| 700 ## - ADDED ENTRY--PERSONAL NAME | |
| Personal name | Gomez de castro, Ana I., ed. |
| 9 (RLIN) | 30334 |
| 700 ## - ADDED ENTRY--PERSONAL NAME | |
| Personal name | Wamsteker, Willem, ed. |
| 9 (RLIN) | 30335 |
| 942 ## - ADDED ENTRY ELEMENTS (KOHA) | |
| Koha item type | Books |
| Withdrawn status | Lost status | Damaged status | Not for loan | Home library | Current library | Shelving location | Date acquired | Total Checkouts | Full call number | Barcode | Date last seen | Price effective from | Koha item type |
|---|---|---|---|---|---|---|---|---|---|---|---|---|---|
| IIA Library-Bangalore | IIA Library-Bangalore | General Stacks | 26/12/2006 | 52/ FUN | 17294 | 05/11/2021 | 26/12/2006 | Books |